[Event "HUN-chT2 Barcza 0910"]
[Site "Hungary"]
[Date "2009.12.06"]
[Round "3.2"]
[White "Bagoly, Janos"]
[Black "Benedek, Zoltan"]
[Result "0-1"]
[WhiteElo "2076"]
[BlackElo "2204"]
[PlyCount "76"]
[EventDate "2009.11.08"]
[EventType "team-tourn"]
[EventRounds "11"]
[EventCountry "HUN"]
[SourceTitle "EXT 2011"]
[Source "ChessBase"]
[SourceDate "2010.11.26"]
[SourceVersion "1"]
[SourceVersionDate "2010.11.26"]
[SourceQuality "1"]
[WhiteTeam "SSASSE"]
[BlackTeam "Edeleny"]
[WhiteTeamCountry "HUN"]
[BlackTeamCountry "HUN"]

1. d4 d6 2. c4 e5 3. Nf3 e4 4. Ng5 f5 5. g4 h6 6. Nh3 g5 7. gxf5 Bxf5 8. Bg2 Nf6 9. Nc3 Bg7 10. e3 Nc6 11. Ng1 Qd7 12. Nge2 0-0-0 13. Ng3 Rde8 14. Qa4 Bh3 15. 0-0 Bxg2 16. Kxg2 Qg4 17. f3 exf3+ 18. Rxf3 Rhf8 19. h3 Qd7 20. Bd2 g4 21. hxg4 Qxg4 22. Rf4 Qg5 23. Rf5 Qg6 24. d5 Ne7 25. Rf3 Nh5 26. Raf1 Nf5 27. Rxf5 Nxg3 28. Rxf8 Nxf1+ 29. Kxf1 Qd3+ 30. Ke1 Rxf8 31. Ne2 a6 32. Nf4 Qb1+ 33. Ke2 Be5 34. Qb3 Qxb2 35. Qxb2 Bxb2 36. e4 Rg8 37. Kf3 Be5 38. Nh5 Rg6 0-1

[Event "HUN-chT2 Barcza 0910"]
[Site "Hungary"]
[Date "2009.11.08"]
[Round "1.2"]
[White "Bagoly, Janos"]
[Black "Korsos, Imre"]
[Result "1-0"]
[WhiteElo "2076"]
[BlackElo "2119"]
[PlyCount "54"]
[EventDate "2009.11.08"]
[EventType "team-tourn"]
[EventRounds "11"]
[EventCountry "HUN"]
[SourceTitle "EXT 2011"]
[Source "ChessBase"]
[SourceDate "2010.11.26"]
[SourceVersion "1"]
[SourceVersionDate "2010.11.26"]
[SourceQuality "1"]
[WhiteTeam "SSASSE"]
[BlackTeam "Tiszavasvar"]
[WhiteTeamCountry "HUN"]
[BlackTeamCountry "HUN"]

1. d4 e6 2. c4 d5 3. Nf3 Nf6 4. g3 Be7 5. Bg2 0-0 6. 0-0 Nbd7 7. Qc2 Ne4 8. Nc3 Nxc3 9. Qxc3 f5 10. Bf4 c6 11. Ne5 Bf6 12. Rad1 g5 13. Nxd7 Bxd7 14. Be5 Be8 15. Qb4 Bxe5 16. dxe5 Qc7 17. Qc3 Qe7 18. b4 Bg6 19. a3 a6 20. f4 g4 21. Rd3 Rfc8 22. Rc1 Rd8 23. cxd5 cxd5 24. Qc5 Kf8 25. Rdd1 Be8 26. Qb6 Bc6 27. e3 Rac8 1-0

[Event "Bader Memorial op"]
[Site "Heves"]
[Date "2009.03.29"]
[Round "7"]
[White "Sipka, Zoltan"]
[Black "Bagoly, Janos"]
[Result "0-1"]
[WhiteElo "1944"]
[BlackElo "2115"]
[PlyCount "120"]
[EventDate "2009.03.26"]
[EventType "swiss"]
[EventRounds "7"]
[EventCountry "HUN"]
[SourceTitle "EXT 2011"]
[Source "ChessBase"]
[SourceDate "2010.11.26"]
[SourceVersion "1"]
[SourceVersionDate "2010.11.26"]
[SourceQuality "1"]

1. d4 d5 2. g3 c6 3. Bg2 Nf6 4. Nf3 Bg4 5. 0-0 e6 6. c4 Nbd7 7. Qb3 Qb6 8. Qxb6 Nxb6 9. c5 Nbd7 10. Nc3 Be7 11. Bf4 0-0 12. Ne5 Nxe5 13. Bxe5 Nd7 14. Bf4 e5 15. dxe5 Bxc5 16. e4 d4 17. Na4 Be7 18. b3 g5 19. Bc1 Nxe5 20. f4 Nd3 21. Bf3 Be6 22. Rd1 Nxc1 23. Raxc1 gxf4 24. gxf4 Rad8 25. Nc5 Bc8 26. Kf2 b6 27. Nd3 c5 28. Ne5 Bb7 29. Rg1+ Kh8 30. Bh5 Bxe4 31. Nxf7+ Rxf7 32. Bxf7 Rf8 33. Bc4 Rxf4+ 34. Ke2 Bg6 35. Rcf1 Re4+ 36. Kd2 Rh4 37. Rg2 Bd6 38. Rff2 Bf4+ 39. Kd1 Be3 40. Rf8+ Kg7 41. Ra8 Kf6 42. Rxa7 d3 43. Rxg6+ hxg6 44. Bxd3 Rxh2 45. Ra6 Rd2+ 46. Ke1 Rxd3 47. Rxb6+ Kf5 48. Ke2 Rc3 49. a4 Bd4 50. a5 Re3+ 51. Kd2 Re7 52. Rb5 Ke4 53. b4 cxb4 54. Rxb4 Ra7 55. Ra4 Ra6 56. Ke2 g5 57. Ra3 Bb6 58. Rb3 Bxa5 59. Ra3 Ra7 60. Rg3 Kf4 0-1

[Event "Bader Memorial op"]
[Site "Heves"]
[Date "2009.03.27"]
[Round "2"]
[White "Bagoly, Janos"]
[Black "Miricz, Eniko"]
[Result "1-0"]
[WhiteElo "2115"]
[BlackElo "1585"]
[PlyCount "53"]
[EventDate "2009.03.26"]
[EventType "swiss"]
[EventRounds "7"]
[EventCountry "HUN"]
[SourceTitle "EXT 2011"]
[Source "ChessBase"]
[SourceDate "2010.11.26"]
[SourceVersion "1"]
[SourceVersionDate "2010.11.26"]
[SourceQuality "1"]

1. b3 e5 2. Bb2 Nc6 3. e3 d6 4. Bb5 Bd7 5. Nf3 Nf6 6. 0-0 g6 7. d4 Bg7 8. Nbd2 a6 9. Bxc6 Bxc6 10. dxe5 Ng4 11. Nc4 Bxf3 12. Qxf3 Nxe5 13. Bxe5 Bxe5 14. Nxe5 dxe5 15. Qxb7 0-0 16. Rad1 Qf6 17. Rd7 Qf5 18. Rxc7 h5 19. Rd1 h4 20. Qf3 Qe6 21. Rc6 Qe7 22. Rcd6 Rfd8 23. Qd5 Rxd6 24. Qxd6 Qg5 25. h3 Re8 26. Qd7 Re6 27. Qd8+ 1-0

[Event "Eger Tel op"]
[Site "Eger"]
[Date "2009.02.01"]
[Round "6"]
[White "Bagoly, Janos"]
[Black "Vizkeleti, Pal"]
[Result "1-0"]
[WhiteElo "2115"]
[BlackElo "1889"]
[PlyCount "65"]
[EventDate "2009.01.29"]
[EventType "swiss"]
[EventRounds "7"]
[EventCountry "HUN"]
[SourceTitle "EXT 2011"]
[Source "ChessBase"]
[SourceDate "2010.11.26"]
[SourceVersion "1"]
[SourceVersionDate "2010.11.26"]
[SourceQuality "1"]

1. d4 Nf6 2. c4 g6 3. Nc3 Bg7 4. e4 d6 5. h3 0-0 6. Bg5 Nc6 7. Nf3 e5 8. dxe5 dxe5 9. Qxd8 Nxd8 10. Bxf6 Bxf6 11. Nd5 Bg7 12. Nxc7 Rb8 13. Bd3 Nc6 14. Rd1 b6 15. 0-0 Bb7 16. b3 Rbc8 17. Nd5 Rcd8 18. b4 h6 19. Rc1 Kh7 20. c5 Rxd5 21. exd5 Nxb4 22. Bb1 Bxd5 23. a3 Nc6 24. cxb6 axb6 25. Rfe1 f5 26. Red1 Bxf3 27. gxf3 Nd4 28. Kg2 Rf7 29. Rc8 Bf8 30. Ba2 Ra7 31. Rxf8 Rxa3 32. Rf7+ Kh8 33. Rc1 1-0

[Event "Eger Tel op"]
[Site "Eger"]
[Date "2009.02.01"]
[Round "7"]
[White "Muller, Wilhelm"]
[Black "Bagoly, Janos"]
[Result "1/2-1/2"]
[WhiteElo "1986"]
[BlackElo "2115"]
[PlyCount "63"]
[EventDate "2009.01.29"]
[EventType "swiss"]
[EventRounds "7"]
[EventCountry "HUN"]
[SourceTitle "EXT 2011"]
[Source "ChessBase"]
[SourceDate "2010.11.26"]
[SourceVersion "1"]
[SourceVersionDate "2010.11.26"]
[SourceQuality "1"]

1. Nf3 d5 2. b3 Nf6 3. Bb2 Bg4 4. e3 e6 5. Be2 Nbd7 6. d3 Bd6 7. Nbd2 c6 8. Nh4 Bxe2 9. Qxe2 Qa5 10. a3 Be5 11. d4 Bd6 12. 0-0 Qc7 13. g3 Nf8 14. c4 Ng6 15. Nhf3 h5 16. e4 dxe4 17. Nxe4 Nxe4 18. Qxe4 0-0-0 19. c5 Be7 20. b4 h4 21. Rad1 Rd5 22. Ne5 f5 23. Qe2 Nxe5 24. dxe5 g5 25. Rxd5 cxd5 26. Rc1 hxg3 27. fxg3 Kb8 28. Bd4 f4 29. Qb5 fxg3 30. hxg3 Qc6 31. Qxc6 bxc6 32. Kg2 1/2-1/2

[Event "Eger Tel op"]
[Site "Eger"]
[Date "2009.01.30"]
[Round "3"]
[White "Botos, Krisztian"]
[Black "Bagoly, Janos"]
[Result "1/2-1/2"]
[WhiteElo "1885"]
[BlackElo "2115"]
[PlyCount "82"]
[EventDate "2009.01.29"]
[EventType "swiss"]
[EventRounds "7"]
[EventCountry "HUN"]
[SourceTitle "EXT 2011"]
[Source "ChessBase"]
[SourceDate "2010.11.26"]
[SourceVersion "1"]
[SourceVersionDate "2010.11.26"]
[SourceQuality "1"]

1. Nf3 d5 2. d4 e6 3. c4 c5 4. e3 Nc6 5. Nc3 Nf6 6. Bd3 a6 7. 0-0 dxc4 8. Bxc4 b5 9. Be2 Bb7 10. b3 Be7 11. Bb2 Qb6 12. dxc5 Bxc5 13. Qc2 Nb4 14. Qb1 0-0 15. a3 Nbd5 16. b4 Be7 17. Nxd5 Bxd5 18. Bd4 Qb7 19. Qb2 Rfc8 20. Rfc1 Ne8 21. Rxc8 Rxc8 22. Rc1 Bf6 23. Rxc8 Qxc8 24. Bxf6 Nxf6 25. Nd2 Qd7 26. f3 Qa7 27. Qc3 Kf8 28. Kf1 Ke7 29. e4 Ba8 30. Bd1 Qd7 31. Ke2 Qc6 32. Qd4 Qc7 33. Nb3 Bb7 34. Qc5+ Qxc5 35. Nxc5 Bc8 36. Ke3 e5 37. Bb3 Ne8 38. Bd5 f6 39. Bb7 Bxb7 40. Nxb7 Nd6 41. Nxd6 Kxd6 1/2-1/2

[Event "Eger Tel op"]
[Site "Eger"]
[Date "2009.01.29"]
[Round "1"]
[White "Solyom, Sandor"]
[Black "Bagoly, Janos"]
[Result "0-1"]
[WhiteElo "1784"]
[BlackElo "2115"]
[PlyCount "120"]
[EventDate "2009.01.29"]
[EventType "swiss"]
[EventRounds "7"]
[EventCountry "HUN"]
[SourceTitle "EXT 2011"]
[Source "ChessBase"]
[SourceDate "2010.11.26"]
[SourceVersion "1"]
[SourceVersionDate "2010.11.26"]
[SourceQuality "1"]

1. d4 d5 2. c4 e6 3. Nc3 f5 4. Nf3 Nf6 5. Bg5 c6 6. e3 Be7 7. Ne5 0-0 8. c5 Nbd7 9. Nxd7 Bxd7 10. b4 Be8 11. a4 h6 12. Bf4 g5 13. Be5 Nd7 14. Bg3 Bg6 15. Bd3 Kg7 16. Qc2 Qe8 17. h3 f4 18. exf4 gxf4 19. Bxg6 Qxg6 20. Qxg6+ Kxg6 21. Bh2 e5 22. dxe5 Nxe5 23. 0-0-0 Bg5 24. Kc2 Rae8 25. g3 fxg3 26. Bxg3 Nc4 27. Rhg1 Kh7 28. Kb3 Rf3 29. Kc2 Bf6 30. Nxd5 cxd5 31. Rxd5 Rc3+ 32. Kd1 Bg5 33. Rd7+ Re7 34. Rxe7+ Bxe7 35. Ke2 Nb2 36. Be5 Rc2+ 37. Kf3 Bf8 38. Bb8 a6 39. Re1 Kg7 40. Re6 Nc4 41. Bf4 Kf7 42. Re1 Bg7 43. Rd1 Ke6 44. Re1+ Be5 45. Bxh6 Kf5 46. Rg1 Rc3+ 47. Kg2 Rd3 48. Rc1 Rd4 49. b5 Bc7 50. b6 Be5 51. f4 Bxf4 52. Bxf4 Kxf4 53. Rf1+ Ke5 54. c6 Ne3+ 55. Kf2 Nxf1 56. c7 Rf4+ 57. Kg2 Ne3+ 58. Kg3 Rf8 59. Kh4 Nd5 60. Kg5 Nxb6 0-1